000 00413nam a2200181Ia 4500
001 8681
005 20260306160627.0
008 260306t1998||||xx |||||||||||||| ||spa||
041 _aESP
082 _a371.3
_bB45
100 _aBernedo Paredes, Jorge
_eAUT
245 0 _aMetodología del trabajo intelectual
260 _c1998
300 _a
_c
650 _aGEN
654 _aCED
942 _cLIB
_dJUS
_fJUS
_2ddc
_n
999 _c8681
_d8681